Unfinished empire : (Record no. 25587)
[ view plain ]
| 000 -LEADER | |
|---|---|
| fixed length control field | 00925nam a2200277 i 4500 |
| 003 - CONTROL NUMBER IDENTIFIER | |
| control field | EG-ScBUE |
| 005 - DATE AND TIME OF LATEST TRANSACTION | |
| control field | 20230620110256.0 |
| 008 - FIXED-LENGTH DATA ELEMENTS--GENERAL INFORMATION | |
| fixed length control field | 171115t2012 nyub f b 001 0 eng d |
| 020 ## - INTERNATIONAL STANDARD BOOK NUMBER | |
| International Standard Book Number | 9781620400388 |
| 040 ## - CATALOGING SOURCE | |
| Original cataloging agency | EG-ScBUE |
| Language of cataloging | eng |
| Description conventions | rda |
| Transcribing agency | EG-ScBUE |
| Modifying agency | EG-ScBUE |
| 082 04 - DEWEY DECIMAL CLASSIFICATION NUMBER | |
| Edition number | 22 |
| Classification number | 909.097124107 |
| Item number | DAR |
| 100 1# - MAIN ENTRY--PERSONAL NAME | |
| Personal name | Darwin, John, |
| Relator term | author. |
| 245 10 - TITLE STATEMENT | |
| Title | Unfinished empire : |
| Remainder of title | the global expansion of Britain / |
| Statement of responsibility, etc | John Darwin. |
| 264 #1 - PUBLICATION, DISTRIBUTION, ETC. (IMPRINT) | |
| Place of publication, distribution, etc | New York : |
| Name of publisher, distributor, etc | Bloomsbury Press, |
| Date of publication, distribution, etc | [2012] |
| 264 #4 - PUBLICATION, DISTRIBUTION, ETC. (IMPRINT) | |
| Date of publication, distribution, etc | c2012 |
| 300 ## - PHYSICAL DESCRIPTION | |
| Extent | xiv, 478 pages : |
| Other physical details | maps ; |
| Dimensions | 18 cm |
| 336 ## - CONTENT TYPE | |
| Source | rdacontent |
| Content type term | text |
| Content type code | txt |
| 337 ## - MEDIA TYPE | |
| Source | rdamedia |
| Media type term | unmediated |
| Media type code | n |
| 338 ## - CARRIER TYPE | |
| Source | rdacarrier |
| Carrier type term | volume |
| Carrier type code | nc |
| 504 ## - BIBLIOGRAPHY, ETC. NOTE | |
| Bibliography, etc | Includes bibliographical references and index.<br/> |
| 651 #7 - SUBJECT ADDED ENTRY--GEOGRAPHIC NAME | |
| Source of heading or term | BUEsh |
| Geographic name | Great Britain |
| General subdivision | History |
| Chronological subdivision | 19th century. |
| 9 (RLIN) | 10940 |
| 651 #7 - SUBJECT ADDED ENTRY--GEOGRAPHIC NAME | |
| Source of heading or term | BUEsh |
| Geographic name | Great Britain |
| General subdivision | Colonies |
| -- | History. |
| 653 ## - INDEX TERM--UNCONTROLLED | |
| Resource For college | BAEPS, Political Science |
| Arrived date list | November2017 |
| 655 ## - INDEX TERM--GENRE/FORM | |
| Form subdivision | Text book |
| 942 ## - ADDED ENTRY ELEMENTS (KOHA) | |
| Source of classification or shelving scheme | Dewey Decimal Classification |
| Koha item type | Book - Borrowing |
| Withdrawn status | Lost status | Source of classification or shelving scheme | Damaged status | Not for loan | Collection code | Home library | Current library | Shelving location | Date acquired | Source of acquisition | Cost, normal purchase price | Total Checkouts | Full call number | Barcode | Date last seen | Koha item type | Price effective from |
|---|---|---|---|---|---|---|---|---|---|---|---|---|---|---|---|---|---|
| Dewey Decimal Classification | Baccah | Central Library | Central Library | Second Floor | 15/11/2017 | Purchase | 500.00 | 909.097124107 DAR | 000042485 | 15/07/2025 | NB - Book (Non borrowing) | ||||||
| Dewey Decimal Classification | Baccah | Central Library | Central Library | Second Floor | 15/11/2017 | Purchase | 909.097124107 DAR | 000042486 | 15/07/2025 | NB - Book (Non borrowing) | 15/11/2017 | ||||||
| Dewey Decimal Classification | Baccah | Central Library | Central Library | Second Floor | 15/11/2017 | Purchase | 909.097124107 DAR | 000042487 | 15/07/2025 | Book - Borrowing | 15/11/2017 | ||||||
| Dewey Decimal Classification | Baccah | Central Library | Central Library | Second Floor | 15/11/2017 | Purchase | 909.097124107 DAR | 000042488 | 15/07/2025 | Book - Borrowing | 15/11/2017 | ||||||
| Dewey Decimal Classification | Baccah | Central Library | Central Library | Second Floor | 15/11/2017 | Purchase | 909.097124107 DAR | 000042489 | 15/07/2025 | Book - Borrowing | 15/11/2017 |